Poesia de trovadores, trouveres, minnesinger, de principios del siglo xii a fines del siglo xiii /

Guardado en:
Autor Principal: Alvar, Carlos
Formato: Libro
Publicado: Madrid : Alianza, 1995
Edición:2a. ed.
Series:Alianza, 66
Materias:
Etiquetas: Agregar Etiqueta
Sin Etiquetas, Sea el primero en etiquetar este registro!
LEADER 00686nam a22002175a 4500
001 EHU.bham023821
003 AR-BHAM
005 20130507110653.0
008 130507s1995##################000#0#####d
082 8 0 |a 808.814 
100 1 |a Alvar, Carlos 
245 1 0 |a Poesia de trovadores, trouveres, minnesinger, de principios del siglo xii a fines del siglo xiii /  |c Carlos Alvar 
250 |a 2a. ed. 
260 |a Madrid :  |b Alianza,  |c 1995 
300 |a 405 p. 
490 0 |a Alianza, 66 
500 |a Traducido Por El Autor/ Edicion Bilingüe 
653 |a Poesia medieval 
653 |a Poesia 
653 |a Antologia de textos 
859 |a AR-BHAM  |b BIB. HUMANIDADES - General  |h 808.814  |i AL76-1  |p 347.01  |t Ej.1